البيئة الإعلامية مسرحية عالمية غايتها إسلامية / (رقم التسجيلة. 92389)

تفاصيل مارك
000 -الفاتح
عناصر البيانات ثابتة الطول 00808cam a2200193 i 4500
005 - تاريخ ووقت آخر معاملة
حقل ضبط 20251217093845.0
008 - عناصر البيانات ثابتة الطول
عناصر البيانات ثابتة الطول 250721r9999 ua gr 000 0 ara d
082 14 - رقم تصنيف ديوي العشري
رقم التصنيف 216.933
رقم المادة ن و ف
100 1# - مدخل رئيسي – اسم شخصي
الاسم الشخصي نوفل، يوسف يونس
علاقة الشخص بالعمل/ دوره مؤلف.
245 12 - بيان العنوان
العنوان البيئة الإعلامية مسرحية عالمية غايتها إسلامية /
بيان المسؤولية تاليف يوسف يونس نوفل.
250 ## - بيان الطبعة
بيان الطبعة الطبعة الاولى.
264 31 - بيانات النشر، التوزيع…إلخ
مكان النشر، التوزيع...إلخ المنصورة :
اسم الناشر، الموزع...إلخ مكتبة جزيرة الورد،
تاريخ النشر، التوزيع...إلخ [بين 2000-2005].
300 ## - الوصف المادي
عدد الوحدات المكونة للوعاء 80 صفحة.
490 0# - بيان السلسلة
عنوان السلسلة دائرة معارف بيئتنا الحضارية سفينتناالربانية نحو فقه بيئي إسلامي معاصر؛
650 17 - مدخل إضافي بالموضوع - مصطلح موضوعي
مصطلح موضوعي أو اسم جغرافي كعنصر مدخل الإعلام.
650 17 - مدخل إضافي بالموضوع - مصطلح موضوعي
مصطلح موضوعي أو اسم جغرافي كعنصر مدخل الإسلامي.
942 ## - بيانات إضافية (كوها)
نوع التنصيف Dewey Decimal Classification
نوع المادة (كوها) كتب
المقتنيات
حالة السحب حالة الفقدان مصدر التصنيف حالة التلف غير قابل للإعارة المكتبة الرئيسية المكتبة الحالية موقع الرف تاريخ التزويد الرقم المتسلسل Total Checkouts رقم الإستدعاء الباركود تاريخ آخر ظهور تاريخ الفاتورة نوع المادة (كوها)
    Dewey Decimal Classification     المكتبة المركزية المكتبة المركزية الإعارة 28/07/2025 818589   216.933 / ن و ف 818589 28/07/2025 28/07/2025 كتب
    Dewey Decimal Classification   Not For Loan المكتبة المركزية المكتبة المركزية مقتنيات قسم التزويد 28/07/2025 818590   216.933/نوف 818590 28/07/2025 28/07/2025 كتب
    Dewey Decimal Classification   Not For Loan المكتبة المركزية المكتبة المركزية مقتنيات قسم التزويد 28/07/2025 818591   216.933/نوف 818591 28/07/2025 28/07/2025 كتب
    Dewey Decimal Classification   Not For Loan المكتبة المركزية المكتبة المركزية مقتنيات قسم التزويد 28/07/2025 818592   216.933/نوف 818592 28/07/2025 28/07/2025 كتب
    Dewey Decimal Classification     مكتبة أبو علندا العامة مكتبة أبو علندا العامة الإعارة 28/07/2025 818597   216.933/نوف 818597 28/07/2025 28/07/2025 كتب
    Dewey Decimal Classification     مكتبة الأميرة ايمان العامة مكتبة الأميرة ايمان العامة الإعارة 28/07/2025 818593   216.933/نوف 818593 28/07/2025 28/07/2025 كتب
    Dewey Decimal Classification     مكتبة الحسن العامة مكتبة الحسن العامة الإعارة 28/07/2025 818595   216.933/نوف 818595 28/07/2025 28/07/2025 كتب
    Dewey Decimal Classification     مكتبة حمزة العامة مكتبة حمزة العامة الإعارة 28/07/2025 818596   216.933/نوف 818596 28/07/2025 28/07/2025 كتب
    Dewey Decimal Classification     مكتبة صويلح العامة مكتبة صويلح العامة الإعارة 28/07/2025 818594   216.933/نوف 818594 28/07/2025 28/07/2025 كتب
Implemented & Customized by: BBB with SCIT (Smart Chains for Information Technology)

Powered by Koha